My Boy Only Breaks His Favorite Toys-Taylor Swift (All Lyrics) - Statistics

General Stats
  • This quiz has been taken 34 times
  • The average score is 227 of 252
Answer Stats
Lyrics % Correct
I
100%
I'm
100%
in
100%
Oh,
100%
on
100%
only
100%
was
100%
a
95%
again.
95%
again
95%
boy
95%
breaks
95%
castles
95%
destroys
95%
favorite
95%
first
95%
first-
95%
go
95%
he
95%
He
95%
him
95%
his
95%
it
95%
just
95%
Just
95%
me
95%
me.
95%
me,
95%
my
95%
My
95%
of
95%
play
95%
queen
95%
sand
95%
saw
95%
seen
95%
should've
95%
Should've
95%
The
95%
the
95%
time
95%
to
95%
too
95%
toys
95%
we
95%
We
95%
When
95%
when,
95%
when
95%
you
95%
at
90%
Because
90%
best
90%
better
90%
But
90%
Cause
90%
for
90%
friend
90%
got
90%
head
90%
here
90%
know
90%
loves
90%
mall
90%
not
90%
not.
90%
out
90%
There
90%
tortured
90%
voices
90%
all
85%
army
85%
broken
85%
days
85%
Down
85%
fix
85%
gonna
85%
heart
85%
heat
85%
he's
85%
knew
85%
known
85%
matter
85%
much
85%
off
85%
played
85%
pretend
85%
Purchased
85%
reasons
85%
say
85%
sickest
85%
smashed
85%
so
85%
Stole
85%
this
85%
Told
85%
took
85%
touch
85%
up
85%
why
85%
wild
85%
box
80%
forever
80%
I'd
80%
I'll
80%
keeps
80%
Kens
80%
miss
80%
more
80%
Once
80%
our
80%
parts
80%
plastic
80%
Put
80%
repeating
80%
runs
80%
sandlot
80%
shelf
80%
smile
80%
tell
80%
that
80%
with
80%
And
75%
back
75%
could've
75%
dead
75%
doll
75%
end
75%
felt
75%
myself
75%
night
75%
right
75%
Than
75%
these
75%
Called
70%
danger
70%
fit
70%
Left
70%
litany
70%
pieces
70%
Pull
70%
descend
65%
Puzzle
65%
string
65%
rain
60%
Rivulets
60%
No matching quizzes found
Score Distribution
Percent of People with Each Score
Percentile by Number Answered
Your Score History
You have not taken this quiz